000 00709nab a2200193 4500
001 244442
003 OSt
005 20250205093625.0
007 tu
008 200917s2020|||||||
040 _aDE-2950
_cDE-2950
245 0 0 _aKandidat fordert Digitalisierung der Behörden
_bBewerber. Im Wahlkreis 63, Frankfurt (Oder) und Oder-Spree tritt bei der vorgezogenen Bundestagswahl ein 22-jähriger Student für die FDP an. Wer ist Richard Hennicke und welche Themen bewegen ihn?
_cSelim Pekel
264 _c2024
653 _aFrankfurt (Oder)
653 _aBundestagswahl
653 _aFDP-Kandidat
773 0 _g36. Jahrgang (2025) Nr. 29 vom 04.02.2025, S. 15 mit Foto
_tMärkische Oderzeitung
942 _2z
_cA
999 _c373603
_d373603